| 000 | 00504nam a22001937a 4500 | ||
|---|---|---|---|
| 003 | OSt | ||
| 005 | 20180116183046.0 | ||
| 008 | 160721b xxu||||| |||| 00| 0 eng d | ||
| 020 | _a0060444665 | ||
| 040 | _c0 | ||
| 082 | _a658 MEG 1989 | ||
| 100 | _aLeon C.Megginson | ||
| 245 |
_aManagement Concepts and Applications _cLeon C.Megginson |
||
| 250 | _a3rd edition | ||
| 260 |
_aNew York _bHarper & Row |
||
| 300 |
_a646 p. _bHB |
||
| 440 | _aManagement Concepts and Applications | ||
| 942 |
_2ddc _cBK |
||
| 999 |
_c351445 _d351445 |
||